| 000 | 00724nam a2200241 a 4500 | ||
|---|---|---|---|
| 005 | 20140310183447.0 | ||
| 008 | 081204s19uu xx 00 eng d | ||
| 020 | _a9780071100892 | ||
| 050 |
_aHD 62.4 _b.B34 2008 |
||
| 100 | _aBall, Donald A. | ||
| 245 |
_aInternational business : _bthe challenge of global competition / _cDonald A. Ball |
||
| 260 |
_aBoston : _bMcGraw-Hill Irwin, _c2008. |
||
| 300 |
_aI-32,623 p. : _bcol. ill. ; _c28 cm. |
||
| 500 | _aIncludes index | ||
| 521 | _aBSBA | ||
| 650 | _aInternational business. | ||
| 700 | _aMcCulloch, Wendell H. Jr. | ||
| 700 | _aGeringer, Michael J. | ||
| 700 | _aMinor, Michael S. | ||
| 700 | _aMcNettt, Jeanne M. | ||
| 942 |
_cBK _2lcc _kFOR |
||
| 999 |
_c23275 _d23275 |
||